000 00988nam a2200277 a 4500
001 58457
003 BD-RjUL
005 20211209080626.0
008 161218s1963 ncua b 001 0 eng
020 _a0822301024
035 _a(BD-RjUL)58581
035 _a(OCoLC)183669
040 _aDLC
_cOYesA
_dOCoLC
_dODaWU
_dMoSU-L
_dUk
_dDLC
_beng
041 _aeng
082 _a331.3980973
_223
_bEMP 1963
245 0 0 _aEmployment, income, and retirement problems of the aged /
_cedited by Juanita M. Kreps ; [contributors] Juanita M. Kreps ... [et al.].
260 _aDurham, N.C. :
_bDuke University Press,
_c1963.
300 _aviii, 240 p. :
_bill. ;
_c24 cm.
504 _aIncludes bibliographical references and index.
650 0 _aOlder people
_zUnited States.
_9170614
650 0 _aAge and employment
_zUnited States.
_9173607
650 0 _aRetirement.
_9173608
700 1 _aKreps, Juanita M.
_q(Juanita Morris),
_d1921-2010.
_9173609
942 _2ddc
_cBK
999 _c58457
_d58457